Cameral analysis (Record no. 69376)
[ view plain ]
| 000 -LEADER | |
|---|---|
| fixed length control field | 01292nam a2200337Ia 4500 |
| 082 04 - DEWEY DECIMAL CLASSIFICATION NUMBER | |
| Classification number | 616.89/162 |
| 100 1# - MAIN ENTRY--AUTHOR NAME | |
| Personal name | Pedersen, David L. |
| 245 10 - TITLE STATEMENT | |
| Title | Cameral analysis |
| 260 ## - PUBLICATION, DISTRIBUTION, ETC. (IMPRINT) | |
| Place of publication | London ; |
| -- | New York : |
| Name of publisher | Routledge, |
| Year of publication | 1994. |
| 300 ## - PHYSICAL DESCRIPTION | |
| Number of Pages | xv, 222 p. |
| 650 #0 - SUBJECT ADDED ENTRY--TOPICAL TERM | |
| Topical Term | Neuroses |
| Topical Term | Hypnotism |
| Topical Term | Cerebral dominance. |
| 856 40 - ELECTRONIC LOCATION AND ACCESS | |
| Uniform Resource Identifier | http://site.ebrary.com/lib/rucke/Doc?id=10058419 |
No items available.
